|
|
|
|
| LEADER |
00000cam a2200000 a 4500 |
| 001 |
vtls001065163 |
| 003 |
SK-MaSNL |
| 005 |
20260301110819.0 |
| 008 |
250916s1991 xo al frnp 00000 slo |
| 015 |
|
|
|a SNBA1991/02
|
| 020 |
|
|
|a 8085175797
|q (brožované)
|
| 035 |
|
|
|a SNK000007993
|
| 035 |
|
|
|a urn:nbn:sk:snk-amlhpg
|
| 035 |
|
|
|a urn:nbn:sk:snk-am00bocc
|
| 035 |
|
|
|a ADE25909-51C7-4135-909C-526039BF2F68
|
| 040 |
|
|
|a SNK
|b slo
|c SNK
|e AACR2
|
| 041 |
0 |
|
|a slo
|
| 044 |
|
|
|a xo
|c SK
|
| 072 |
|
7 |
|a 636
|x Chov zvierat. Živočíšna výroba
|2 konspekt
|
| 072 |
|
7 |
|a 37.016
|x Učebné osnovy. Vyučovacie predmety. Učebnice
|2 konspekt
|
| 080 |
|
|
|a 636.4
|2 2001
|
| 080 |
|
|
|a 636.4: 638.08
|2 2011
|
| 080 |
|
|
|a (076.5)
|2 2011
|
| 080 |
|
|
|a (075.8)
|2 2011
|
| 100 |
1 |
|
|a Kováč, Ľubomír,
|d 1942-
|4 aut
|9 206833
|
| 245 |
1 |
0 |
|a Návody na cvičenia z chovu ošípaných
|c Ľ. Kováč, B. Bobček
|
| 250 |
|
|
|a 1. vyd.
|
| 260 |
|
|
|a V Nitre
|b Vysoká škola poľnohospodárska
|c 1991
|
| 300 |
|
|
|a 188 strán
|b ilustrácie, schémy, tabuľky
|c 30 cm
|
| 366 |
|
|
|e 300 kusov
|
| 500 |
|
|
|a Vydala Vysoká škola poľnohospodárska v Nitre, Agronomická fakulta, Katedra špeciálnej zootechniky
|
| 504 |
|
|
|a Bibliografia na strane 186-188
|
| 521 |
|
|
|a Pre študijný odbor ZOO
|
| 650 |
0 |
7 |
|a ošípané
|2 SNKPH
|9 2795
|
| 650 |
0 |
7 |
|a chov ošípaných
|2 SNKPH
|9 51877
|
| 655 |
|
7 |
|a praktické cvičenia
|2 SNKPH
|9 70517
|
| 655 |
|
7 |
|a učebnice vysokých škôl
|2 SNKPH
|9 70191
|
| 700 |
1 |
|
|a Bobček, Branislav,
|d 1944-
|4 aut
|9 38781
|
| 710 |
2 |
|
|a Vysoká škola poľnohospodárska v Nitre.
|b Agronomická fakulta.
|b Katedra špeciálnej zootechniky
|4 pbl
|9 124395
|
| 752 |
|
|
|a Slovensko
|d Nitra
|
| 852 |
|
|
|a Slovenská národná knižnica
|
| 919 |
|
|
|a 80-85175-79-7
|
| 954 |
|
|
|a odborná, vedecká literatúra pôvodná (slovenská)
|2 lita
|
| 958 |
|
|
|a EUIPO
|
| 958 |
|
|
|a RK
|
| 958 |
|
|
|a TL
|
| 958 |
|
|
|a NB
|
| 958 |
|
|
|a OND
|
| 958 |
|
|
|a UV
|
| 999 |
|
|
|c 704313
|d 706243
|
| 952 |
|
|
|a SNK
|b SNK
|y VYP
|7 0
|p 17A0064960
|o snkSB 48193 D1
|0 0
|1 0
|4 0
|d 1997-05-12
|l 0
|r 2004-12-31 00:00:00
|w 2026-02-23
|
| 952 |
|
|
|a SNK
|b SNK
|y PREZ
|7 0
|p 17A0873584
|o snkSB 48193
|i snkKSP 4606/91
|0 0
|1 0
|4 0
|d 2012-07-10
|f 1
|l 0
|r 2025-02-18 00:00:00
|w 2026-02-23
|